000 00360nam a2200133Ia 4500
005 20260328101500.0
008 260328s9999||||xx |||||||||||||| ||und||
100 _aFarthing, Stephen
245 4 _aThe Sketchbook of Nicholas Grimshaw /
_cStephen Farthing
260 _bRoyal Academy of Arts
300 _a119 p.
650 _aDIBUJO ARQUITECTÓNICO
942 _cBK
999 _c8940
_d8940